000 002280000a22000850004500
008 230817t ||||| |||| 00| 0 eng d
245 _aSouth Asia Bulletin:
_bVol. X, No. 1
260 _aNew York:
_bState University,
_c1990
942 _cCR
999 _c2750
_d2750